000 00508nam a2200193Ia 4500
999 _c15111
_d15111
003 OSt
005 20201113114558.0
008 190216s9999||||xx |||||||||||||| ||und||
020 _a9788189261665
040 _coclc
082 _a428
_bSHA/W
100 _aShaffer, Lawrence
_96574
245 0 _aWords /
_cLawrence Shaffer
250 _a1st Ed.
260 _bK S Paperbacks,
_c2005.
_aNew Delhi:
300 _a280p
650 _aEnglish
942 _cBK
_2ddc
_h428
_iSHA/W
_k428
_mSHA/W